[Event "Titled Tuesday intern op 02nd May Late"]
[Site "Chess.com INT"]
[Date "2023.05.02"]
[Round "10"]
[White "Van den Dikkenberg, Erik"]
[Black "Dobrijevic, Milan"]
[Result "0-1"]
[WhiteElo "2099"]
[BlackElo "2208"]
[PlyCount "134"]
[EventDate "2023.05.02"]
[EventType "swiss (blitz)"]
[EventRounds "11"]
[EventCountry "USA"]
[SourceTitle "EXT 2024"]
[Source "ChessBase"]
[SourceDate "2023.10.10"]
[SourceVersion "1"]
[SourceVersionDate "2023.10.10"]
[SourceQuality "1"]

1. e4 c5 2. Nc3 Nc6 3. f4 g6 4. Nf3 Bg7 5. Bb5 Nd4 6. 0-0 Nxb5 7. Nxb5 d6 8. d3 Nf6 9. Qe1 0-0 10. Kh1 Bd7 11. Nc3 Bc6 12. Qh4 Nd7 13. f5 Ne5 14. Nxe5 dxe5 15. Bh6 Bf6 16. Bg5 Bxg5 17. Qxg5 f6 18. Qg4 g5 19. Rf3 Rf7 20. Raf1 Rg7 21. Rh3 Qd4 22. Rh6 b5 23. Ne2 Qxb2 24. Ng3 Be8 25. h4 gxh4 26. Qxh4 Qxc2 27. Rf3 Qc1+ 28. Kh2 Qg5 29. Qh3 Qg4 30. Ne2 Qxh3+ 31. Rhxh3 Bf7 32. Nc3 b4 33. Na4 Rc8 34. Rf2 Be8 35. Nb2 Bb5 36. Rc2 a5 37. Re3 Kf7 38. Re1 Rgg8 39. Rec1 Rgd8 40. Rxc5 Rxc5 41. Rxc5 Bxd3 42. Rxa5 Bxe4 43. Rb5 Rd4 44. Na4 Bxf5 45. Nc5 Be6 46. Rb6 Bxa2 47. Nb7 Bd5 48. Nd8+ Ke8 49. Rb8 Kd7 50. Nb7 Bxb7 51. Rxb7+ Ke6 52. Kg3 h5 53. Kf3 h4 54. Ke3 Kf5 55. Rxe7 Rg4 56. Rb7 Rxg2 57. Rxb4 Rg3+ 58. Kf2 Rg4 59. Rb5 Rd4 60. Rb3 Ke6 61. Rh3 f5 62. Ke3 Kd5 63. Ke2 Ra4 64. Kd2 Ra2+ 65. Kc1 Ra4 66. Kd2 Rg4 67. Ke3 Rg3+ 0-1

[Event "Titled Tuesday intern op 02nd May Late"]
[Site "Chess.com INT"]
[Date "2023.05.02"]
[Round "11"]
[White "Van den Dikkenberg, Erik"]
[Black "Smieszek, Wojciech"]
[Result "0-1"]
[WhiteElo "2099"]
[BlackElo "2078"]
[PlyCount "52"]
[EventDate "2023.05.02"]
[EventType "swiss (blitz)"]
[EventRounds "11"]
[EventCountry "USA"]
[SourceTitle "EXT 2024"]
[Source "ChessBase"]
[SourceDate "2023.10.10"]
[SourceVersion "1"]
[SourceVersionDate "2023.10.10"]
[SourceQuality "1"]

1. e4 c5 2. Nc3 g6 3. f4 Nc6 4. Nf3 Bg7 5. Bb5 Nd4 6. 0-0 Nxb5 7. Nxb5 a6 8. Nc3 b5 9. d3 d6 10. Qe1 e6 11. Kh1 Ne7 12. Bd2 0-0 13. Qg3 Nc6 14. Rae1 Nd4 15. Nxd4 Bxd4 16. e5 Bb7 17. f5 exf5 18. exd6 Qd7 19. Re7 Qc6 20. Rc7 Qb6 21. Bh6 Rfe8 22. d7 Re5 23. Rxb7 Qxb7 24. Bf4 Re7 25. Qf3 Qxf3 26. gxf3 Rxd7 0-1

[Event "Titled Tuesday intern op 07th Feb Early"]
[Site "Chess.com INT"]
[Date "2023.02.07"]
[Round "5"]
[White "Dolezal, Cristian"]
[Black "Van den Dikkenberg, Erik"]
[Result "1-0"]
[WhiteElo "2354"]
[BlackElo "2099"]
[PlyCount "65"]
[EventDate "2023.02.07"]
[EventType "swiss (blitz)"]
[EventRounds "11"]
[EventCountry "USA"]
[SourceTitle "EXT 2024"]
[Source "ChessBase"]
[SourceDate "2023.10.10"]
[SourceVersion "1"]
[SourceVersionDate "2023.10.10"]
[SourceQuality "1"]

1. d4 Nf6 2. Nc3 g6 3. e4 d6 4. Bg5 Bg7 5. Qe2 c6 6. 0-0-0 b5 7. e5 Nd5 8. Nxd5 cxd5 9. exd6 Qxd6 10. Qxb5+ Bd7 11. Qc5 Qe6 12. Nf3 f6 13. Re1 Qf7 14. Bf4 e6 15. Bb5 Bxb5 16. Qxb5+ Nd7 17. Qc6 0-0 18. Qxe6 Nb6 19. b3 Kh8 20. Qxf7 Rxf7 21. Re6 Rc8 22. Rhe1 h5 23. Re8+ Rxe8 24. Rxe8+ Kh7 25. Bd6 Rd7 26. Bc5 g5 27. h3 g4 28. hxg4 hxg4 29. Ne1 Kg6 30. Nd3 Kf5 31. a4 Bh6+ 32. Kd1 Rh7 33. Re7 1-0

[Event "Titled Tuesday intern op 07th Feb Early"]
[Site "Chess.com INT"]
[Date "2023.02.07"]
[Round "4"]
[White "Womacka, Mathias"]
[Black "Van den Dikkenberg, Erik"]
[Result "0-1"]
[WhiteElo "2409"]
[BlackElo "2099"]
[PlyCount "90"]
[EventDate "2023.02.07"]
[EventType "swiss (blitz)"]
[EventRounds "11"]
[EventCountry "USA"]
[SourceTitle "EXT 2024"]
[Source "ChessBase"]
[SourceDate "2023.10.10"]
[SourceVersion "1"]
[SourceVersionDate "2023.10.10"]
[SourceQuality "1"]

1. e4 c5 2. Nf3 d6 3. d4 cxd4 4. Nxd4 Nf6 5. c3 Nxe4 6. Bc4 Nc6 7. Qh5 g6 8. Qd5 Be6 9. Nxe6 fxe6 10. Qxe6 Nc5 11. Qf7+ Kd7 12. Be3 Ne5 13. Bb5+ Kc7 14. Qd5 e6 15. Qd2 a6 16. Be2 Qf6 17. 0-0 Be7 18. Na3 Rad8 19. f4 Nc6 20. Nc4 Rhf8 21. b4 Ne4 22. Qc2 d5 23. Bb6+ Kb8 24. Bxd8 Rxd8 25. Rac1 Nxc3 26. Qxc3 Qxc3 27. Rxc3 Bxb4 28. Rcc1 dxc4 29. Bxc4 Nd4 30. Rcd1 Bc5 31. Kh1 b5 32. Bd3 Kc7 33. Be4 Kb6 34. Rd3 Rf8 35. g3 a5 36. Rfd1 Rd8 37. Kg2 b4 38. h4 a4 39. h5 gxh5 40. Rh1 b3 41. axb3 axb3 42. Rxh5 b2 43. Rd1 Rg8 44. Rxh7 Nf5 45. Rb7+ Ka6 0-1

[Event "Titled Tuesday intern op 03rd Jan Late"]
[Site "Chess.com INT"]
[Date "2023.01.03"]
[Round "9"]
[White "Ibadov, Dashgyn"]
[Black "Van den Dikkenberg, Erik"]
[Result "1-0"]
[WhiteElo "2333"]
[BlackElo "2130"]
[PlyCount "71"]
[EventDate "2023.01.03"]
[EventType "swiss (blitz)"]
[EventRounds "11"]
[EventCountry "USA"]
[SourceTitle "EXT 2024"]
[Source "ChessBase"]
[SourceDate "2023.10.10"]
[SourceVersion "1"]
[SourceVersionDate "2023.10.10"]
[SourceQuality "1"]

1. e4 c5 2. Nf3 d6 3. d4 cxd4 4. Nxd4 Nf6 5. Nc3 a6 6. h3 Nc6 7. g4 Qb6 8. Nb3 g6 9. Be3 Qd8 10. g5 Nd7 11. h4 Bg7 12. h5 gxh5 13. Qxh5 Nde5 14. Be2 Ng6 15. Nd5 Be6 16. Bb6 Qc8 17. Nc7+ Kf8 18. Nxa8 Qxa8 19. 0-0-0 a5 20. Nd4 Nxd4 21. Bxd4 Bxd4 22. Rxd4 Qa7 23. Rhd1 Qc5 24. a3 b5 25. Qf3 Qxg5+ 26. Kb1 Kg7 27. Qc3 Ne5 28. Qxa5 Rc8 29. Qxb5 Qf4 30. Rg1+ Ng6 31. Qd3 Qe5 32. Qe3 Rb8 33. f4 Qc5 34. f5 Qb6 35. Qc3 Bd7 36. Rxd6+ 1-0

[Event "Titled Tuesday intern op 03rd Jan Late"]
[Site "Chess.com INT"]
[Date "2023.01.03"]
[Round "6"]
[White "Pesotskiy, Mikhail"]
[Black "Van den Dikkenberg, Erik"]
[Result "0-1"]
[WhiteElo "2153"]
[BlackElo "2130"]
[PlyCount "59"]
[EventDate "2023.01.03"]
[EventType "swiss (blitz)"]
[EventRounds "11"]
[EventCountry "USA"]
[SourceTitle "EXT 2024"]
[Source "ChessBase"]
[SourceDate "2023.10.10"]
[SourceVersion "1"]
[SourceVersionDate "2023.10.10"]
[SourceQuality "1"]

1. d4 Nf6 2. c4 c5 3. d5 b5 4. cxb5 a6 5. bxa6 g6 6. Nc3 Bg7 7. e4 0-0 8. Nf3 d6 9. Be2 Qa5 10. Bd2 Bxa6 11. 0-0 Nbd7 12. a4 Qb4 13. Bxa6 Rxa6 14. Qe2 Raa8 15. Rab1 Rfb8 16. Rfe1 Qb3 17. e5 Nxd5 18. e6 Ne5 19. Nxe5 Bxe5 20. exf7+ Kxf7 21. Qf3+ Nf6 22. Bf4 Bxc3 23. Re3 Qc2 24. Rf1 Bd4 25. Re2 Qf5 26. Be3 Qxf3 27. gxf3 Bxe3 28. fxe3 Rxa4 29. e4 e5 30. Rff2 0-1

[Event "Titled Tuesday intern op 03rd Jan Late"]
[Site "Chess.com INT"]
[Date "2023.01.03"]
[Round "2"]
[White "Van den Dikkenberg, Erik"]
[Black "Droin, Augustin"]
[Result "0-1"]
[WhiteElo "2130"]
[BlackElo "2436"]
[PlyCount "90"]
[EventDate "2023.01.03"]
[EventType "swiss (blitz)"]
[EventRounds "11"]
[EventCountry "USA"]
[SourceTitle "EXT 2024"]
[Source "ChessBase"]
[SourceDate "2023.10.10"]
[SourceVersion "1"]
[SourceVersionDate "2023.10.10"]
[SourceQuality "1"]

1. e4 c5 2. Nc3 a6 3. f4 b5 4. g3 Bb7 5. Bg2 b4 6. Nd5 e6 7. Ne3 Nf6 8. d3 d5 9. e5 Nfd7 10. Nh3 Nc6 11. 0-0 g6 12. c3 bxc3 13. bxc3 d4 14. Nc4 Be7 15. cxd4 cxd4 16. Rb1 Qc7 17. Rxb7 Qxb7 18. Na5 Nxa5 19. Bxb7 Nxb7 20. Qf3 Ndc5 21. Ba3 0-0 22. Rb1 Rab8 23. Bxc5 Nxc5 24. Rxb8 Rxb8 25. Nf2 Rb1+ 26. Kg2 Rb2 27. Kh3 Rxa2 28. Ng4 h5 29. Nf6+ Kg7 30. Ne8+ Kf8 31. Qa8 Nb7 32. Qxb7 Kxe8 33. Qc8+ Bd8 34. Qc6+ Kf8 35. Qd6+ Be7 36. Qb8+ Kg7 37. Qe8 Bb4 38. f5 gxf5 39. Qd8 Bf8 40. Qg5+ Kh7 41. Qxh5+ Kg8 42. Qg5+ Bg7 43. Qd8+ Kh7 44. Qe7 Kg6 45. Kh4 Rxh2# 0-1

[Event "Titled Tuesday intern op 24th May Early"]
[Site "Chess.com INT"]
[Date "2022.05.24"]
[Round "7"]
[White "Van den Dikkenberg, Erik"]
[Black "Buscar, Michael"]
[Result "0-1"]
[WhiteElo "2154"]
[BlackElo "2088"]
[PlyCount "74"]
[EventDate "2022.05.24"]
[EventType "swiss (blitz)"]
[EventRounds "11"]
[EventCountry "USA"]
[SourceTitle "EXT 2023"]
[Source "ChessBase"]
[SourceDate "2022.10.05"]
[SourceVersion "1"]
[SourceVersionDate "2022.10.05"]
[SourceQuality "1"]

1. e4 c5 2. Nc3 e6 3. f4 g5 4. Nf3 gxf4 5. Bc4 a6 6. a4 Qc7 7. d3 Nc6 8. 0-0 Bd6 9. Qe1 Nge7 10. Qh4 Ng6 11. Qf6 Nce5 12. Bxf4 Nxf3+ 13. Rxf3 Bxf4 14. Nd5 exd5 15. exd5 0-0 16. Re1 Qd6 17. Rxf4 Qxf4 18. Qb6 d6 19. Rf1 Qd4+ 20. Kh1 Qe5 21. Qc7 Qe7 22. Qa5 Bg4 23. h3 Bd7 24. Qd2 b5 25. Ba2 b4 26. Qh6 Bxa4 27. Rf5 Bxc2 28. Rh5 f6 29. Bc4 Qe1+ 30. Kh2 Ra7 31. Bxa6 Rg7 32. Bb7 Bxd3 33. Bc6 Ne5 34. Rh4 Qg3+ 35. Kh1 Qe1+ 36. Kh2 Qg3+ 37. Kh1 Qxg2# 0-1

[Event "Titled Tuesday intern op 17th May Early"]
[Site "Chess.com INT"]
[Date "2022.05.17"]
[Round "11"]
[White "Buchenau, Frank"]
[Black "Van den Dikkenberg, Erik"]
[Result "1-0"]
[WhiteElo "2263"]
[BlackElo "2154"]
[PlyCount "59"]
[EventDate "2022.05.17"]
[EventType "swiss (blitz)"]
[EventRounds "11"]
[EventCountry "USA"]
[SourceTitle "CBM 208 Extra"]
[Source "ChessBase"]
[SourceDate "2022.07.31"]
[SourceVersion "1"]
[SourceVersionDate "2022.07.31"]
[SourceQuality "1"]

1. e4 e5 2. Bc4 Nf6 3. d3 c6 4. Nf3 d5 5. Bb3 a5 6. a4 Bb4+ 7. c3 Bd6 8. Bg5 0-0 9. exd5 cxd5 10. Bxd5 Bg4 11. h3 Bh5 12. 0-0 Nbd7 13. Nbd2 Qc7 14. Be4 Nxe4 15. Nxe4 f5 16. Ng3 Bg6 17. Nh4 Nc5 18. Nxg6 hxg6 19. d4 exd4 20. cxd4 Bxg3 21. dxc5 Be5 22. Qd5+ Kh7 23. Rfe1 Bxb2 24. Rab1 Bf6 25. Rxb7 Qc8 26. Bxf6 Rxf6 27. Ree7 Qg8 28. Rxg7+ Qxg7 29. Rxg7+ Kxg7 30. Qxa8 1-0

[Event "Titled Tuesday intern op 17th May Early"]
[Site "Chess.com INT"]
[Date "2022.05.17"]
[Round "8"]
[White "Van den Dikkenberg, Erik"]
[Black "Harish, Neeraj"]
[Result "1-0"]
[WhiteElo "2154"]
[BlackElo "2075"]
[PlyCount "65"]
[EventDate "2022.05.17"]
[EventType "swiss (blitz)"]
[EventRounds "11"]
[EventCountry "USA"]
[SourceTitle "CBM 208 Extra"]
[Source "ChessBase"]
[SourceDate "2022.07.31"]
[SourceVersion "1"]
[SourceVersionDate "2022.07.31"]
[SourceQuality "1"]

1. e4 c5 2. Nc3 Nc6 3. f4 g6 4. Nf3 Bg7 5. Bb5 Nd4 6. 0-0 a6 7. Bc4 b5 8. Bd5 Rb8 9. e5 Bb7 10. Bxb7 Rxb7 11. d3 e6 12. Ne4 Nf5 13. g4 d5 14. Nxc5 Qb6 15. d4 Nfe7 16. Nxb7 Qxb7 17. a4 Nc6 18. axb5 axb5 19. c3 Nge7 20. Qd3 b4 21. Be3 0-0 22. Qa6 Qxa6 23. Rxa6 f6 24. Rfa1 fxe5 25. Nxe5 Nxe5 26. fxe5 bxc3 27. bxc3 Rf3 28. Bg5 Bf8 29. Rxe6 Kf7 30. Rf6+ Rxf6 31. Bxf6 Ng8 32. Ra7+ Be7 33. g5 1-0

[Event "Titled Tuesday intern op 17th May Early"]
[Site "Chess.com INT"]
[Date "2022.05.17"]
[Round "6"]
[White "Van den Dikkenberg, Erik"]
[Black "Rodchenkov, Sergey D"]
[Result "0-1"]
[WhiteElo "2154"]
[BlackElo "2346"]
[PlyCount "70"]
[EventDate "2022.05.17"]
[EventType "swiss (blitz)"]
[EventRounds "11"]
[EventCountry "USA"]
[SourceTitle "CBM 208 Extra"]
[Source "ChessBase"]
[SourceDate "2022.07.31"]
[SourceVersion "1"]
[SourceVersionDate "2022.07.31"]
[SourceQuality "1"]

1. e4 c5 2. Nc3 d6 3. f4 g6 4. Nf3 Bg7 5. Bb5+ Bd7 6. Bc4 Nc6 7. 0-0 e6 8. d3 Nf6 9. Kh1 0-0 10. Qe1 Ne8 11. Bd2 Nd4 12. Nxd4 cxd4 13. Ne2 a5 14. Ng1 b5 15. Nf3 bxc4 16. dxc4 Qb6 17. c3 dxc3 18. Bxc3 Bxc3 19. Qxc3 Bc6 20. Ng5 h6 21. Qh3 hxg5 22. fxg5 Qxb2 23. Rab1 Qh8 24. Qg3 Bxe4 25. Rbe1 Bf5 26. Rxf5 exf5 27. Qf3 Rb8 28. Qd5 Qe5 29. Qd1 Qc5 30. Qf3 Ng7 31. h4 Rfe8 32. Rd1 Qe3 33. Qf1 Qe4 34. Qf2 Qe2 35. Qg1 Rb2 0-1

[Event "Titled Tuesday intern op 17th May Early"]
[Site "Chess.com INT"]
[Date "2022.05.17"]
[Round "9"]
[White "Van den Dikkenberg, Erik"]
[Black "Skytte, Rasmus"]
[Result "1-0"]
[WhiteElo "2154"]
[BlackElo "2357"]
[PlyCount "49"]
[EventDate "2022.05.17"]
[EventType "swiss (blitz)"]
[EventRounds "11"]
[EventCountry "USA"]
[SourceTitle "CBM 208 Extra"]
[Source "ChessBase"]
[SourceDate "2022.07.31"]
[SourceVersion "1"]
[SourceVersionDate "2022.07.31"]
[SourceQuality "1"]

1. e4 c6 2. d4 d5 3. exd5 cxd5 4. Bd3 Nc6 5. c3 Nf6 6. f4 Bg4 7. Nf3 Bxf3 8. Qxf3 Qd7 9. 0-0 e6 10. Nd2 Bd6 11. f5 Kf8 12. fxe6 fxe6 13. Qh3 Ke7 14. Nf3 Rhf8 15. Bg5 h6 16. Bxf6+ gxf6 17. Qxh6 Rh8 18. Qg7+ Ke8 19. Qxh8+ Ke7 20. Qxa8 Qe8 21. Qxe8+ Kxe8 22. Rae1 Ke7 23. c4 Kd7 24. cxd5 exd5 25. Bb5 1-0

[Event "Titled Tuesday intern op 10th May Early"]
[Site "Chess.com INT"]
[Date "2022.05.10"]
[Round "11"]
[White "Heinemann, Josefine"]
[Black "Van den Dikkenberg, Erik"]
[Result "0-1"]
[WhiteElo "2300"]
[BlackElo "2154"]
[PlyCount "82"]
[EventDate "2022.05.10"]
[EventType "swiss (blitz)"]
[EventRounds "11"]
[EventCountry "USA"]
[SourceTitle "CBM 208 Extra"]
[Source "ChessBase"]
[SourceDate "2022.07.31"]
[SourceVersion "1"]
[SourceVersionDate "2022.07.31"]
[SourceQuality "1"]

1. Nf3 c5 2. g3 Nf6 3. Bg2 d6 4. 0-0 g6 5. c4 Bg7 6. Nc3 0-0 7. d4 Nbd7 8. e4 cxd4 9. Nxd4 a6 10. h3 Ne5 11. b3 Be6 12. Be3 Qc7 13. Qd2 Rfd8 14. Rac1 Rac8 15. Nd5 Bxd5 16. cxd5 Qd7 17. f4 Rxc1 18. Rxc1 Neg4 19. hxg4 Nxg4 20. Nf3 Nxe3 21. Qxe3 Qg4 22. Rc7 Qxg3 23. Qd2 Bh6 24. Ng5 Bg7 25. Qf2 Qg4 26. Qf3 Qh4 27. Nh3 Bd4+ 28. Kh2 Qe1 29. Rxe7 Rc8 30. Qg4 Rc3 31. Re8+ Kg7 32. e5 Rxh3+ 33. Kxh3 h5 34. Qg3 Bf2 35. Qd3 h4 36. e6 Be3 37. Rg8+ Kxg8 38. exf7+ Kxf7 39. Kh2 Qg3+ 40. Kh1 h3 41. Be4 Qg1# 0-1

[Event "Titled Tuesday intern op 10th May Early"]
[Site "Chess.com INT"]
[Date "2022.05.10"]
[Round "2"]
[White "Van den Dikkenberg, Erik"]
[Black "Ljukin, Sergei"]
[Result "1-0"]
[WhiteElo "2154"]
[BlackElo "2362"]
[PlyCount "29"]
[EventDate "2022.05.10"]
[EventType "swiss (blitz)"]
[EventRounds "11"]
[EventCountry "USA"]
[SourceTitle "CBM 208 Extra"]
[Source "ChessBase"]
[SourceDate "2022.07.31"]
[SourceVersion "1"]
[SourceVersionDate "2022.07.31"]
[SourceQuality "1"]

1. e4 e6 2. d4 d5 3. Nc3 Bb4 4. e5 Ne7 5. Bd2 b6 6. Nb5 Bxd2+ 7. Qxd2 0-0 8. f4 Nf5 9. Nf3 c5 10. Bd3 a6 11. Bxf5 axb5 12. Bxh7+ Kxh7 13. Ng5+ Kg8 14. Qd3 g6 15. Qh3 1-0

[Event "Titled Tuesday intern op 10th May Early"]
[Site "Chess.com INT"]
[Date "2022.05.10"]
[Round "8"]
[White "Van den Dikkenberg, Erik"]
[Black "Silva, Mariana Sofia Teixe"]
[Result "1-0"]
[WhiteElo "2154"]
[BlackElo "1912"]
[PlyCount "77"]
[EventDate "2022.05.10"]
[EventType "swiss (blitz)"]
[EventRounds "11"]
[EventCountry "USA"]
[SourceTitle "CBM 208 Extra"]
[Source "ChessBase"]
[SourceDate "2022.07.31"]
[SourceVersion "1"]
[SourceVersionDate "2022.07.31"]
[SourceQuality "1"]

1. e4 c6 2. d4 d5 3. exd5 cxd5 4. Bd3 Nc6 5. c3 Nf6 6. f4 Bg4 7. Qb3 Qd7 8. Nd2 g6 9. Ngf3 Bf5 10. Bxf5 gxf5 11. 0-0 Ne4 12. Ne5 Nxe5 13. fxe5 e6 14. Nxe4 dxe4 15. Bg5 Be7 16. Bxe7 Kxe7 17. Kh1 Rag8 18. Qa3+ Ke8 19. Qxa7 Qc6 20. Rg1 Kd7 21. Qa3 Rg6 22. Rae1 Rhg8 23. Re2 Rg4 24. h3 Rg3 25. Kh2 h5 26. Qb4 b5 27. a3 h4 28. Qa5 Qb7 29. a4 bxa4 30. Qxa4+ Ke7 31. Qa3+ Kd7 32. Qd6+ Kc8 33. c4 e3 34. c5 Qe4 35. c6 Rxg2+ 36. Rexg2 Qf4+ 37. Kh1 Rd8 38. Qe7 e2 39. Qb7# 1-0

[Event "Titled Tuesday intern op 19th Apr Early"]
[Site "Chess.com INT"]
[Date "2022.04.19"]
[Round "4"]
[White "Kovalenko, Igor"]
[Black "Van den Dikkenberg, Erik"]
[Result "1-0"]
[WhiteElo "2674"]
[BlackElo "2148"]
[PlyCount "115"]
[EventDate "2022.04.19"]
[EventType "swiss (blitz)"]
[EventRounds "11"]
[EventCountry "USA"]
[SourceTitle "EXT 2023"]
[Source "ChessBase"]
[SourceDate "2022.10.05"]
[SourceVersion "1"]
[SourceVersionDate "2022.10.05"]
[SourceQuality "1"]

1. Nf3 Nf6 2. c4 Nc6 3. b3 e5 4. Bb2 d6 5. Nc3 Be7 6. g3 0-0 7. Bg2 Bg4 8. h3 Be6 9. 0-0 Qd7 10. Kh2 Rad8 11. e4 Nd4 12. Nxd4 exd4 13. Ne2 c5 14. Nf4 Rfe8 15. d3 a6 16. a4 Bf8 17. Bc1 g6 18. a5 Bg7 19. Nxe6 fxe6 20. f4 Rf8 21. Bd2 Qe7 22. Rb1 Qc7 23. h4 b5 24. axb6 Qxb6 25. Bh3 Rde8 26. b4 Nd7 27. bxc5 Qxc5 28. Qa4 Nf6 29. Rb7 Qh5 30. Qd1 Qc5 31. g4 Qc6 32. Qb3 h5 33. g5 Ng4+ 34. Bxg4 hxg4 35. Qb6 Qxb6 36. Rxb6 Rb8 37. Rfb1 Rxb6 38. Rxb6 Rd8 39. Kg3 a5 40. Bxa5 d5 41. cxd5 exd5 42. e5 Bf8 43. Bb4 Bxb4 44. Rxb4 Kf7 45. Kxg4 Rc8 46. Rb7+ Ke6 47. Rb6+ Kf7 48. Rf6+ Kg7 49. h5 gxh5+ 50. Kxh5 Rc3 51. Rd6 Rxd3 52. Rd7+ Kf8 53. e6 Rf3 54. Kg4 Re3 55. f5 d3 56. Rxd5 Ke7 57. Rd7+ Ke8 58. g6 1-0

[Event "Titled Tuesday intern op 19th Apr Early"]
[Site "Chess.com INT"]
[Date "2022.04.19"]
[Round "9"]
[White "Van den Dikkenberg, Erik"]
[Black "D'Arruda, Ricardo D"]
[Result "1-0"]
[WhiteElo "2148"]
[BlackElo "2271"]
[PlyCount "111"]
[EventDate "2022.04.19"]
[EventType "swiss (blitz)"]
[EventRounds "11"]
[EventCountry "USA"]
[SourceTitle "EXT 2023"]
[Source "ChessBase"]
[SourceDate "2022.10.05"]
[SourceVersion "1"]
[SourceVersionDate "2022.10.05"]
[SourceQuality "1"]

1. e4 c5 2. Nc3 e6 3. f4 d6 4. Nf3 Nf6 5. Bb5+ Nbd7 6. 0-0 a6 7. Bxd7+ Bxd7 8. d3 Be7 9. Kh1 0-0 10. Qe1 Bc6 11. Qg3 Re8 12. Bd2 d5 13. e5 Nd7 14. Rae1 Nf8 15. f5 exf5 16. Bg5 Ne6 17. Bxe7 Qxe7 18. Nh4 f4 19. Qh3 g6 20. Ne2 Qg5 21. Nf3 Qe7 22. Qg4 g5 23. h4 h6 24. d4 cxd4 25. Nexd4 Nxd4 26. Nxd4 Bd7 27. Qh5 Kg7 28. e6 Qf6 29. exd7 Rxe1 30. Rxe1 Rd8 31. Nf3 Rxd7 32. hxg5 hxg5 33. Qxg5+ Qxg5 34. Nxg5 Rc7 35. c3 d4 36. cxd4 Rc2 37. Rb1 Rd2 38. Nf3 Rc2 39. Kg1 Kg6 40. Kf1 Kf5 41. Ne5 Ke4 42. Nxf7 Kxd4 43. Nd6 Ke3 44. Nf5+ Ke4 45. Nh4 Ke3 46. Nf3 Rf2+ 47. Kg1 Rc2 48. a3 b5 49. b4 Ra2 50. Rb3+ Ke2 51. Nd4+ Kd2 52. Nc6 Kc2 53. Rf3 Kb2 54. Rxf4 Kxa3 55. Nb8 Rb2 56. Nxa6 1-0